000 01099pam a2200361 a 4500
001 3977
003 FISKH
005 20240529084107.0
008 950720s1996 nyua j 000 0 eng
010 _a 95024763
020 _a0448411490
020 _a9780448411484
020 _a0448411482 (pbk.)
040 _aDLC
_cDLC
_dDLC
_beng
042 _alcac
050 0 0 _aQB801.7
_b.D87 1996
082 0 0 _a523.8
_220
100 1 _aDussling, Jennifer.
245 1 0 _aStars /
_cby Jennifer Dussling ; illustrated by Mavis Smith.
260 _aNew York :
_bGrosset & Dunlap,
_c1996.
300 _a32 pages :
_bcolor illustrations ;
_c23 cm
440 0 _aAll aboard reading.
_nLevel 1
505 _aJ
520 _aExplains what stars are and what people have thought about them in different times and places.
521 8 _a460
_bLexile estimate
521 8 _aJ
_bRaz-Plus
650 0 _aStars
_xJuvenile literature.
650 1 _aStars.
700 1 _aSmith, Mavis,
_eillustrator
906 _a7
_bcbc
_corignew
_d1
_eocip
_f19
_gy-gencatlg
942 _2ddc
_cBK
_n0
999 _c3977
_d3977